[Event "Tradewise Gibraltar Master 2015"]
[Site "Gibraltar ENG"]
[Date "2015.02.01"]
[Round "6.106"]
[White "Kim, Yongjoo"]
[Black "Kuhne, Detlev"]
[Result "1/2-1/2"]
[WhiteElo "1903"]
[BlackElo "2131"]
[PlyCount "88"]
[EventDate "2015.01.27"]
[EventType "swiss"]
[EventRounds "10"]
[EventCountry "ENG"]
[Source "lmi"]
[SourceDate "2015.01.27"]

1. d4 d5 2. c4 c6 3. Nc3 Nf6 4. e3 a6 5. Qc2 Bg4 6. Nge2 e6 7. h3 Bf5 8. Qd1
Bd6 9. c5 Bc7 10. g4 Bg6 11. Nf4 e5 12. Nxg6 hxg6 13. Bg2 e4 14. Bd2 Nbd7 15.
b4 Nh7 16. Qe2 Qh4 17. O-O-O b6 18. f3 f5 19. gxf5 gxf5 20. fxe4 fxe4 21. Be1
Qh6 22. Rf1 Nhf6 23. Kb2 b5 24. Rd2 O-O-O 25. a4 Qh5 26. axb5 Qxe2 27. Nxe2
axb5 28. Nf4 Bxf4 29. Rxf4 Rh6 30. Bf1 Rdh8 31. Kc1 Rg6 32. Rh4 Rxh4 33. Bxh4
Rg1 34. Rf2 Kd8 35. Bxf6+ Nxf6 36. Kd2 Ke7 37. Ke1 Rg3 38. Kd2 Nh5 39. Rg2
Rxg2+ 40. Bxg2 g5 41. Bf1 Ng3 42. Be2 Nf5 43. Bg4 Nh6 44. Ke2 Nxg4 1/2-1/2

[Event "Tradewise Gibraltar Master 2015"]
[Site "Gibraltar ENG"]
[Date "2015.02.01"]
[Round "6.107"]
[White "Daneri, Martin"]
[Black "Spanton, Tim R"]
[Result "1-0"]
[WhiteElo "2123"]
[BlackElo "1963"]
[PlyCount "47"]
[EventDate "2015.01.27"]
[EventType "swiss"]
[EventRounds "10"]
[EventCountry "ENG"]
[Source "lmi"]
[SourceDate "2015.01.27"]

1. e4 e6 2. d3 d5 3. Nd2 Nf6 4. Ngf3 c5 5. g3 Nc6 6. Bg2 Be7 7. O-O O-O 8. Re1
b5 9. a4 b4 10. exd5 exd5 11. d4 c4 12. Ne5 Nxd4 13. Ndxc4 dxc4 14. Bxa8 Bf5
15. Nc6 Qxa8 16. Nxe7+ Kh8 17. Qxd4 Rd8 18. Qh4 Be4 19. Bg5 Bh1 20. Qh3 Qf3 21.
Bxf6 gxf6 22. Nf5 h5 23. Nh4 Qd5 24. Qf5 1-0

[Event "Tradewise Gibraltar Master 2015"]
[Site "Gibraltar ENG"]
[Date "2015.02.01"]
[Round "6.108"]
[White "Tortolero, Cesar"]
[Black "Holleland, Sigve"]
[Result "1/2-1/2"]
[WhiteElo "1937"]
[BlackElo "2116"]
[PlyCount "62"]
[EventDate "2015.01.27"]
[EventType "swiss"]
[EventRounds "10"]
[EventCountry "ENG"]
[Source "lmi"]
[SourceDate "2015.01.27"]

1. d4 d5 2. c4 dxc4 3. Nf3 Nf6 4. Qa4+ Bd7 5. Qxc4 e6 6. g3 Bc6 7. Bg2 Nbd7 8.
Nbd2 Ne4 9. Nxe4 Bxe4 10. O-O Nb6 11. Qb5+ c6 12. Qe5 Qd5 13. Qxd5 exd5 14. Nd2
Bxg2 15. Kxg2 O-O-O 16. e3 Re8 17. Nf3 f6 18. Bd2 g5 19. b3 h5 20. h4 g4 21.
Ne1 Bd6 22. Nd3 Kb8 23. Bb4 Bxb4 24. Nxb4 Nc8 25. Nd3 Nd6 26. Rac1 Ne4 27. Rc2
Rc8 28. Rfc1 a6 29. Nf4 Nd6 30. Ng6 Rh6 31. Nf4 f5 1/2-1/2

[Event "Tradewise Gibraltar Master 2015"]
[Site "Gibraltar ENG"]
[Date "2015.02.01"]
[Round "6.109"]
[White "Gravett, Alan D"]
[Black "Jameson, David"]
[Result "1-0"]
[WhiteElo "1877"]
[BlackElo "2068"]
[PlyCount "53"]
[EventDate "2015.01.27"]
[EventType "swiss"]
[EventRounds "10"]
[EventCountry "ENG"]
[Source "lmi"]
[SourceDate "2015.01.27"]

1. Nf3 d5 2. g3 Nf6 3. Bg2 c5 4. O-O Nc6 5. d4 e6 6. a3 cxd4 7. Nxd4 Qb6 8. Nb3
Be7 9. Nc3 O-O 10. Be3 Qd8 11. h3 b6 12. Nd4 Bb7 13. Bf4 Nxd4 14. Qxd4 Rc8 15.
Rad1 Qe8 16. Qd3 Qc6 17. Rc1 Rfd8 18. Nb5 Ba6 19. Nxa7 Qb7 20. Nb5 Qd7 21. a4
Rc5 22. c4 Rxc4 23. Rxc4 Bxb5 24. axb5 dxc4 25. Qxc4 Nd5 26. Rd1 Ne3 27. Rxd7
1-0

[Event "Tradewise Gibraltar Master 2015"]
[Site "Gibraltar ENG"]
[Date "2015.02.01"]
[Round "6.110"]
[White "Mahoney, Ian"]
[Black "Henrichsen, Jens"]
[Result "1/2-1/2"]
[WhiteElo "1838"]
[BlackElo "2030"]
[PlyCount "82"]
[EventDate "2015.01.27"]
[EventType "swiss"]
[EventRounds "10"]
[EventCountry "ENG"]
[Source "lmi"]
[SourceDate "2015.01.27"]

1. d4 Nf6 2. c4 e6 3. Nf3 b6 4. a3 Bb7 5. Nc3 d5 6. cxd5 exd5 7. g3 Be7 8. Bg2
O-O 9. O-O Re8 10. b4 c6 11. Ne5 Bf8 12. Bg5 h6 13. Bxf6 Qxf6 14. Rc1 Qd8 15.
Qb3 Nd7 16. Nxd7 Qxd7 17. e3 a6 18. Na4 Qd8 19. Rc2 h5 20. h4 g6 21. Nc3 Kg7
22. Rd1 g5 23. hxg5 Qxg5 24. Na4 b5 25. Nc5 Bxc5 26. Rxc5 f5 27. Rdc1 Re6 28.
Qd1 h4 29. gxh4 Qxh4 30. Qf3 Rf8 31. R5c3 Rg6 32. Kf1 Qg5 33. Bh3 Rff6 34. Qf4
Qxf4 35. exf4 Bc8 36. Rg3 Bd7 37. Ke2 Re6+ 38. Kd3 Kf6 39. Rxg6+ Kxg6 40. Rg1+
Kf6 41. Rg8 Re8 1/2-1/2

[Event "Tradewise Gibraltar Master 2015"]
[Site "Gibraltar ENG"]
[Date "2015.02.01"]
[Round "6.111"]
[White "Nwoye, Nnamdi"]
[Black "George, Lolomari Erekosima"]
[Result "1/2-1/2"]
[WhiteElo "2015"]
[BlackElo "1857"]
[PlyCount "63"]
[EventDate "2015.01.27"]
[EventType "swiss"]
[EventRounds "10"]
[EventCountry "ENG"]
[Source "lmi"]
[SourceDate "2015.01.27"]

1. c4 g6 2. Nc3 Bg7 3. g3 Nf6 4. Bg2 O-O 5. d3 e5 6. e3 d6 7. Nge2 c6 8. O-O
Na6 9. Bd2 Be6 10. Bc1 Qd7 11. Rb1 Nc7 12. b4 Bh3 13. b5 Bxg2 14. Kxg2 Rab8 15.
a4 Ne6 16. f4 Qc7 17. h3 Nd7 18. Ba3 Rfe8 19. Qd2 Nec5 20. e4 Bh6 21. Qc2 f6
22. f5 g5 23. Bc1 Bf8 24. Be3 Rbd8 25. Rf2 Re7 26. Rh1 h5 27. h4 g4 28. Ra1 Rh7
29. a5 Bh6 30. Bxh6 Rxh6 31. Qd2 Kg7 32. Ra3 1/2-1/2

[Event "Tradewise Gibraltar Master 2015"]
[Site "Gibraltar ENG"]
[Date "2015.02.01"]
[Round "6.112"]
[White "Henderson De La Fuente, Lance"]
[Black "Christophe-Hayot, Romain"]
[Result "1/2-1/2"]
[WhiteElo "2014"]
[BlackElo "1793"]
[PlyCount "113"]
[EventDate "2015.01.27"]
[EventType "swiss"]
[EventRounds "10"]
[EventCountry "ENG"]
[Source "lmi"]
[SourceDate "2015.01.27"]

1. e4 d5 2. exd5 Qxd5 3. Nc3 Qa5 4. Bc4 Nf6 5. d3 c6 6. Nge2 g6 7. O-O Bg7 8.
Bd2 Qc7 9. Ng3 O-O 10. Qe2 Re8 11. Rae1 Nbd7 12. Nge4 Nxe4 13. Nxe4 Nf6 14. Ng5
e6 15. f4 h6 16. Nf3 Qb6+ 17. Kh1 Qxb2 18. Rb1 Qa3 19. Bb4 Qa4 20. a3 b5 21.
Bb3 Qa6 22. a4 Bd7 23. Ne5 Qc8 24. f5 gxf5 25. Rf3 Nd5 26. Bd2 Qc7 27. Rg3 Kf8
28. Nxf7 Kxf7 29. Qh5+ Ke7 30. Rxg7+ Kd8 31. Bxd5 exd5 32. Qf7 Qd6 33. axb5 c5
34. Bxh6 Qe6 35. Qxe6 Rxe6 36. Bg5+ Kc8 37. h4 Be8 38. Rg8 Kb7 39. Rf1 Bg6 40.
Rxa8 Kxa8 41. h5 Bxh5 42. Rxf5 Re1+ 43. Kh2 Re2 44. Bf4 Be8 45. c4 dxc4 46.
dxc4 Re4 47. Rf8 Kb7 48. Kg3 a5 49. bxa6+ Kxa6 50. Kf3 Bc6 51. Kf2 Rxc4 52. g4
Re4 53. Rf6 Kb7 54. g5 c4 55. g6 Bd5 56. g7 c3 57. Bc1 1/2-1/2

[Event "Tradewise Gibraltar Master 2015"]
[Site "Gibraltar ENG"]
[Date "2015.02.01"]
[Round "6.113"]
[White "Greibrokk, Ingrid Andrea"]
[Black "Moradi, Kimia"]
[Result "0-1"]
[WhiteElo "1758"]
[BlackElo "1984"]
[PlyCount "64"]
[EventDate "2015.01.27"]
[EventType "swiss"]
[EventRounds "10"]
[EventCountry "ENG"]
[Source "lmi"]
[SourceDate "2015.01.27"]

1. e4 e5 2. Nf3 Nc6 3. Bb5 Nf6 4. d3 Bc5 5. O-O d6 6. h3 O-O 7. c3 Bd7 8. Bg5
Ne7 9. Bc4 h6 10. Bxf6 gxf6 11. Nh4 Kh7 12. Qh5 Be6 13. Nf5 Nxf5 14. Bxe6 fxe6
15. exf5 Qe8 16. Qf3 exf5 17. Qxf5+ Qg6 18. Qf3 c6 19. Nd2 d5 20. Rae1 Rae8 21.
Nb3 Bb6 22. d4 e4 23. Qf4 Rg8 24. g4 Rg7 25. Qg3 Bc7 26. Qg2 f5 27. f3 exf3 28.
Qxf3 fxg4 29. hxg4 Qh5 30. Qd3+ Re4 31. Re2 Rgxg4+ 32. Kf2 Qh4+ 0-1

[Event "Tradewise Gibraltar Master 2015"]
[Site "Gibraltar ENG"]
[Date "2015.02.01"]
[Round "6.114"]
[White "Bauer, Dieter"]
[Black "Ferreira, Oscar Luiz Vieira"]
[Result "0-1"]
[WhiteElo "1728"]
[BlackElo "1980"]
[PlyCount "84"]
[EventDate "2015.01.27"]
[EventType "swiss"]
[EventRounds "10"]
[EventCountry "ENG"]
[Source "lmi"]
[SourceDate "2015.01.27"]

1. e4 g6 2. d4 Bg7 3. Nc3 d6 4. Be3 a6 5. Qd2 b5 6. Nce2 Nd7 7. O-O-O Bb7 8. f3
Nb6 9. Ng3 Qc8 10. Kb1 c5 11. dxc5 dxc5 12. Nh3 Na4 13. c3 Bc6 14. Ne2 b4 15.
cxb4 Bxb2 16. Bxc5 Nf6 17. Bd4 Nxe4 18. Qc2 Bxd4 19. Rxd4 Nd6 20. Ng3 Qb7 21.
Qd2 a5 22. Be2 Bb5 23. Rxd6 exd6 24. Ne4 Rd8 25. Qd4 Bxe2 26. Qxh8+ Kd7 27. Qd4
Qxb4+ 28. Qxb4 axb4 29. Nf4 Bc4 30. Nf6+ Kc6 31. Nxh7 Nc3+ 32. Kb2 Nxa2 33. Nf6
Nc3 34. Ra1 Kc5 35. Ra7 Kd4 36. Ra5 b3 37. Ng4 Nd1+ 38. Kb1 b2 39. Ra4 Kc5 40.
Ra3 Kb4 41. Ra7 Re8 42. Rd7 Ra8 0-1

[Event "Tradewise Gibraltar Master 2015"]
[Site "Gibraltar ENG"]
[Date "2015.02.01"]
[Round "6.115"]
[White "Agbabishvili, Lali"]
[Black "Homer, Neil S"]
[Result "1-0"]
[WhiteElo "1978"]
[BlackElo "1716"]
[PlyCount "67"]
[EventDate "2015.01.27"]
[EventType "swiss"]
[EventRounds "10"]
[EventCountry "ENG"]
[Source "lmi"]
[SourceDate "2015.01.27"]

1. c4 e6 2. g3 d5 3. Bg2 c5 4. Nf3 Nf6 5. O-O Nc6 6. b3 d4 7. d3 Bd6 8. e3 e5
9. exd4 cxd4 10. a3 O-O 11. b4 Bd7 12. Re1 Re8 13. Bg5 h6 14. Bxf6 Qxf6 15.
Nbd2 Bf5 16. Ne4 Bxe4 17. Rxe4 Re7 18. Qa4 Bc7 19. Rae1 Rae8 20. Qd1 Nb8 21.
Qe2 Kf8 22. Qb2 Nd7 23. R4e2 Bb8 24. Nd2 Qb6 25. Be4 Nf6 26. Bf3 Qc7 27. Qb3
Qd7 28. c5 Rd8 29. Rc1 Rc8 30. Ree1 Rc7 31. Bg2 Re8 32. Nc4 Rcc8 33. Na5 Re7
34. Bxb7 1-0

[Event "Tradewise Gibraltar Master 2015"]
[Site "Gibraltar ENG"]
[Date "2015.02.01"]
[Round "6.116"]
[White "Aure, Anders Nilsson"]
[Black "Kristinsson, Magnus"]
[Result "1-0"]
[WhiteElo "1688"]
[BlackElo "1744"]
[PlyCount "65"]
[EventDate "2015.01.27"]
[EventType "swiss"]
[EventRounds "10"]
[EventCountry "ENG"]
[Source "lmi"]
[SourceDate "2015.01.27"]

1. c4 e5 2. Nc3 Nf6 3. g3 Bc5 4. e3 Nc6 5. Bg2 O-O 6. Nge2 Re8 7. d3 Bf8 8. O-O
d6 9. Rb1 Ne7 10. d4 exd4 11. Nxd4 Ng6 12. e4 c6 13. Kh1 Qc7 14. b3 Bd7 15. Bb2
Rad8 16. Qc2 a6 17. Rbd1 Qc8 18. f4 Bh3 19. Rfe1 Bxg2+ 20. Kxg2 h5 21. Nf3 d5
22. e5 Nxf4+ 23. Kh1 Qg4 24. Rf1 Ne4 25. gxf4 h4 26. Nxe4 dxe4 27. Qxe4 h3 28.
Ng5 g6 29. Qf3 Rxd1 30. Rxd1 Qh5 31. Qxh5 gxh5 32. Nxh3 Bc5 33. Ng5 1-0

[Event "Tradewise Gibraltar Master 2015"]
[Site "Gibraltar ENG"]
[Date "2015.02.01"]
[Round "6.117"]
[White "Downey, Keith"]
[Black "Bouxo, Luis Antonio Maximi"]
[Result "1-0"]
[WhiteElo "1919"]
[BlackElo "1711"]
[PlyCount "129"]
[EventDate "2015.01.27"]
[EventType "swiss"]
[EventRounds "10"]
[EventCountry "ENG"]
[Source "lmi"]
[SourceDate "2015.01.27"]

1. Nf3 Nf6 2. c4 g6 3. g3 Bg7 4. Bg2 d6 5. Nc3 O-O 6. O-O Nbd7 7. d4 e5 8. e4
exd4 9. Nxd4 Nc5 10. h3 c6 11. Be3 Re8 12. Qc2 Nfd7 13. Rad1 Qc7 14. Rfe1 Ne5
15. b3 Na6 16. f4 Nd7 17. Qd2 Nac5 18. Bf2 Bf8 19. b4 Ne6 20. Nxe6 fxe6 21. Kh2
Nf6 22. a3 Nh5 23. Ne2 Ng7 24. Nd4 Bd7 25. Nf3 Rad8 26. e5 d5 27. cxd5 exd5 28.
Rc1 Qb8 29. Nd4 Ne6 30. Rc2 Bh6 31. Nxe6 Rxe6 32. Qd4 a6 33. h4 Ree8 34. Bf3
Bg7 35. Kg2 Bf5 36. Rcc1 h5 37. Qb6 Be6 38. Bd4 Bf8 39. Rc2 Bf5 40. Rb2 Qc8 41.
a4 Qd7 42. b5 axb5 43. axb5 cxb5 44. Rxb5 Be6 45. Qxb7 Qxb7 46. Rxb7 Rc8 47.
Rb5 Rc4 48. Bf2 Rd8 49. Rb6 Kf7 50. Rb7+ Kg8 51. Rb6 Kf7 52. Ra1 Rc2 53. Rb7+
Kg8 54. Kg1 Rc3 55. Bg2 Rc2 56. Ra6 Rc1+ 57. Kh2 Bc8 58. Rxg6+ Kh8 59. Ra7 Rc2
60. Bd4 Rc4 61. Bb6 Bc5 62. Bxc5 Rxc5 63. e6 d4 64. Rf7 d3 65. e7 1-0

[Event "Tradewise Gibraltar Master 2015"]
[Site "Gibraltar ENG"]
[Date "2015.02.01"]
[Round "6.118"]
[White "Bohman, Leif"]
[Black "Magnusdottir, Veronika Steinun"]
[Result "1-0"]
[WhiteElo "1803"]
[BlackElo "1566"]
[PlyCount "57"]
[EventDate "2015.01.27"]
[EventType "swiss"]
[EventRounds "10"]
[EventCountry "ENG"]
[Source "lmi"]
[SourceDate "2015.01.27"]

1. d4 d5 2. Nf3 Nf6 3. Bf4 c5 4. c3 Nc6 5. e3 Qb6 6. Qb3 c4 7. Qc2 Bf5 8. Qc1
Nh5 9. Bg3 Nxg3 10. hxg3 h6 11. Nbd2 Qc7 12. Be2 e6 13. O-O g5 14. Nh2 h5 15.
e4 dxe4 16. Nxc4 g4 17. Qe1 O-O-O 18. f3 b5 19. Ne3 Bd6 20. f4 a6 21. a4 h4 22.
axb5 axb5 23. Bxb5 hxg3 24. Qxg3 Rh7 25. Nc4 Kb8 26. Nxd6 Qxd6 27. Ra6 Nxd4 28.
Rxd6 Ne2+ 29. Bxe2 1-0

[Event "Tradewise Gibraltar Master 2015"]
[Site "Gibraltar ENG"]
[Date "2015.02.01"]
[Round "6.119"]
[White "Gouait, Raymond"]
[Black "Beadle, John R"]
[Result "1-0"]
[WhiteElo "1595"]
[BlackElo "1694"]
[PlyCount "93"]
[EventDate "2015.01.27"]
[EventType "swiss"]
[EventRounds "10"]
[EventCountry "ENG"]
[Source "lmi"]
[SourceDate "2015.01.27"]

1. Nf3 d6 2. d4 Nf6 3. g3 g6 4. Bg2 Bg7 5. O-O O-O 6. Bf4 c6 7. c4 Nbd7 8. Nc3
Nb6 9. b3 Re8 10. Rc1 d5 11. c5 Nbd7 12. Qd2 Nf8 13. Ne5 Ne6 14. Be3 Nd7 15. f4
f6 16. Nxd7 Bxd7 17. f5 Nf8 18. fxg6 hxg6 19. Bh6 Nh7 20. e4 g5 21. Bxg7 Kxg7
22. exd5 cxd5 23. Bxd5 Rb8 24. Bg2 Rh8 25. Rce1 Qe8 26. Bf3 g4 27. Bh1 Ng5 28.
Rxf6 Nh3+ 29. Kf1 Kxf6 30. Nd5+ Kf7 31. Rxe7+ Qxe7 32. Nxe7 Kxe7 33. Qe3+ Kd8
34. Be4 Re8 35. Qd3 a6 36. a4 b5 37. c6 Rf8+ 38. Ke1 Be6 39. d5 Bg8 40. Qc3 Rc8
41. Qe5 Rf7 42. Qd6+ Ke8 43. Bg6 Rd8 44. Bxf7+ Bxf7 45. Qe5+ Kf8 46. c7 Re8 47.
Qxe8+ 1-0

[Event "Tradewise Gibraltar Master 2015"]
[Site "Gibraltar ENG"]
[Date "2015.02.01"]
[Round "6.120"]
[White "Tveten, Per"]
[Black "Kuenitz, Klaus"]
[Result "0-1"]
[WhiteElo "1601"]
[BlackElo "1680"]
[PlyCount "122"]
[EventDate "2015.01.27"]
[EventType "swiss"]
[EventRounds "10"]
[EventCountry "ENG"]
[Source "lmi"]
[SourceDate "2015.01.27"]

1. e4 e6 2. Nc3 d5 3. f3 dxe4 4. fxe4 Nf6 5. Nf3 c5 6. d3 Nc6 7. Bf4 Be7 8. Nb5
Qa5+ 9. Nc3 O-O 10. Be2 Qb4 11. Rb1 Nd4 12. a3 Qa5 13. O-O Bd7 14. Ne5 Rad8 15.
Nc4 Qa6 16. e5 Nd5 17. Nxd5 exd5 18. Ne3 Nxe2+ 19. Qxe2 d4 20. Nd5 Qe6 21.
Nxe7+ Qxe7 22. Qh5 Rde8 23. Rbe1 Qe6 24. Qf3 Bc6 25. Qg3 b5 26. Bg5 Qg6 27. Qh4
h6 28. Qg4 Qxg5 29. Qxg5 hxg5 30. h3 Re6 31. Rf5 f6 32. Kf2 Rfe8 33. b4 cxb4
34. axb4 Rxe5 35. Rfxe5 Rxe5 36. Ra1 Re7 37. Rc1 Kf7 38. c3 dxc3 39. Rxc3 Bb7
40. Rc5 a6 41. g3 Ke6 42. h4 gxh4 43. gxh4 Kd6 44. Rh5 Bc6 45. Rh8 Be8 46. h5
Ke5 47. h6 gxh6 48. Rxh6 Re6 49. Rh4 f5 50. Ke3 Rg6 51. d4+ Kd5 52. Rh8 Bc6 53.
Rd8+ Kc4 54. Kf4 Be4 55. d5 Kxb4 56. d6 a5 57. Ke5 a4 58. Rc8 Rxd6 59. Kxd6 a3
60. Rc1 a2 61. Ke5 Bb1 0-1

[Event "Tradewise Gibraltar Master 2015"]
[Site "Gibraltar ENG"]
[Date "2015.02.02"]
[Round "7.4"]
[White "Wagner, Dennis"]
[Black "Bachmann, Axel"]
[Result "0-1"]
[WhiteElo "2501"]
[BlackElo "2629"]
[PlyCount "76"]
[EventDate "2015.01.27"]
[EventType "swiss"]
[EventRounds "10"]
[EventCountry "ENG"]
[Source "lmi"]
[SourceDate "2015.01.27"]

1. d4 Nf6 2. c4 e6 3. Nf3 Bb4+ 4. Nbd2 b6 5. a3 Bxd2+ 6. Nxd2 Bb7 7. Qc2 Nc6 8.
e3 Ne7 9. e4 d6 10. g3 e5 11. d5 a5 12. Bg2 a4 13. O-O Nd7 14. b4 axb3 15. Nxb3
O-O 16. Bb2 c6 17. f4 cxd5 18. cxd5 Ba6 19. Rfc1 Rc8 20. Qf2 Bc4 21. Nd2 b5 22.
Nxc4 bxc4 23. Bh3 exf4 24. gxf4 f5 25. Qd4 Nf6 26. a4 Qe8 27. Ra3 Rb8 28. Rxc4
fxe4 29. Be6+ Kh8 30. a5 Ng6 31. Bc1 Nh4 32. Kh1 Nf3 33. Qf2 Qb5 34. Raa4 Qa6
35. Bb2 Rb3 36. Qc2 Qb5 37. Bxf6 Rb1+ 38. Kg2 Ne1+ 0-1

[Event "Tradewise Gibraltar Master 2015"]
[Site "Gibraltar ENG"]
[Date "2015.02.02"]
[Round "7.11"]
[White "Oparin, Grigoriy"]
[Black "Cheparinov, Ivan"]
[Result "0-1"]
[WhiteElo "2551"]
[BlackElo "2681"]
[PlyCount "136"]
[EventDate "2015.01.27"]
[EventType "swiss"]
[EventRounds "10"]
[EventCountry "ENG"]
[Source "lmi"]
[SourceDate "2015.01.27"]

1. e4 c6 2. Nc3 d5 3. Nf3 Nf6 4. e5 Ne4 5. Be2 e6 6. O-O Be7 7. Re1 Qb6 8. d4
c5 9. Be3 Nxc3 10. bxc3 c4 11. Ng5 Nd7 12. f4 h6 13. Nh3 g6 14. g4 Qa5 15. Bd2
Nb6 16. Rf1 Bd7 17. a3 O-O-O 18. Qe1 Kb8 19. Qg3 Ka8 20. Kh1 Rdg8 21. Nf2 Na4
22. Nd1 f5 23. Nf2 Qd8 24. Qe3 Qf8 25. Bc1 g5 26. Nh3 fxg4 27. fxg5 Qe8 28.
Bxg4 hxg5 29. Bd2 Qg6 30. Rf2 a6 31. Raf1 Rg7 32. Be1 Bxa3 33. Kg1 Be7 34. Rg2
Rgh7 35. Rf3 a5 36. Qc1 Rg7 37. Bd2 Rhg8 38. Rfg3 Nb6 39. Be2 Qe8 40. Nxg5 a4
41. h4 Ka7 42. h5 Rh8 43. Rh3 Qg8 44. Rhg3 Qe8 45. Rh3 Qg8 46. Rhg3 Be8 47. Ne4
Rxg3 48. Nxg3 Qh7 49. Bg4 Bh4 50. h6 Rg8 51. Ne2 Qe4 52. Nf4 Bf7 53. Qd1 Bg5
54. Bf3 Qh7 55. Rxg5 Rxg5+ 56. Ng2 Rg8 57. Kf2 Bg6 58. Ne1 Be4 59. Be3 Rf8 60.
Ke2 Qg6 61. Bxe4 Qxe4 62. Kd2 Rf1 63. Qe2 Rh1 64. Qf2 Rh3 65. Bg5 a3 66. Kc1
Na4 67. Kb1 Nxc3+ 68. Ka1 Rh2 0-1

[Event "Tradewise Gibraltar Master 2015"]
[Site "Gibraltar ENG"]
[Date "2015.02.02"]
[Round "7.14"]
[White "Matlakov, Maxim"]
[Black "Ganguly, Surya Shekhar"]
[Result "1-0"]
[WhiteElo "2695"]
[BlackElo "2595"]
[PlyCount "61"]
[EventDate "2015.01.27"]
[EventType "swiss"]
[EventRounds "10"]
[EventCountry "ENG"]
[Source "lmi"]
[SourceDate "2015.01.27"]

1. d4 Nf6 2. c4 g6 3. Nc3 d5 4. Nf3 Bg7 5. cxd5 Nxd5 6. e4 Nxc3 7. bxc3 c5 8.
Be3 Qa5 9. Qd2 Nc6 10. Rb1 a6 11. Rc1 f5 12. Bd3 cxd4 13. Nxd4 Ne5 14. O-O Nxd3
15. Qxd3 O-O 16. exf5 Bxf5 17. Qc4+ Kh8 18. Nxf5 Qxf5 19. Qb4 Qd7 20. Rfd1 Qc7
21. c4 Rad8 22. g3 h5 23. Rb1 Rxd1+ 24. Rxd1 Rc8 25. c5 Qc6 26. Qb6 Qf3 27. Rd7
h4 28. Qxb7 Rc6 29. Rd8+ Kh7 30. Qxe7 Rf6 31. Rd7 1-0

[Event "Tradewise Gibraltar Master 2015"]
[Site "Gibraltar ENG"]
[Date "2015.02.02"]
[Round "7.15"]
[White "Donchenko, Alexander"]
[Black "Motylev, Alexander"]
[Result "0-1"]
[WhiteElo "2511"]
[BlackElo "2665"]
[PlyCount "58"]
[EventDate "2015.01.27"]
[EventType "swiss"]
[EventRounds "10"]
[EventCountry "ENG"]
[Source "lmi"]
[SourceDate "2015.01.27"]

1. d4 d5 2. c4 c6 3. Nf3 Nf6 4. Nc3 dxc4 5. a4 e6 6. e4 Bb4 7. e5 Nd5 8. Bd2 b5
9. axb5 Bxc3 10. bxc3 cxb5 11. Ng5 Bb7 12. Qh5 Qe7 13. h4 a5 14. Nxh7 Qf8 15.
Qd1 Rxh7 16. Bxc4 bxc4 17. Qb1 Nd7 18. Qxh7 Ne7 19. f3 Nf5 20. Bc1 f6 21. g4
Ne7 22. O-O fxe5 23. Bg5 exd4 24. cxd4 Bd5 25. Qb1 Kf7 26. Qb5 Nc6 27. f4 Rb8
28. Qa4 Rb2 29. Ra2 Nb6 0-1

[Event "Tradewise Gibraltar Master 2015"]
[Site "Gibraltar ENG"]
[Date "2015.02.02"]
[Round "7.16"]
[White "Iturrizaga Bonelli, Eduardo"]
[Black "Javakhishvili, Lela"]
[Result "1/2-1/2"]
[WhiteElo "2649"]
[BlackElo "2486"]
[PlyCount "67"]
[EventDate "2015.01.27"]
[EventType "swiss"]
[EventRounds "10"]
[EventCountry "ENG"]
[Source "lmi"]
[SourceDate "2015.01.27"]

1. Nf3 Nf6 2. c4 b6 3. g3 Bb7 4. Bg2 g6 5. d4 Bg7 6. O-O O-O 7. d5 Ne4 8. Qc2
f5 9. Nbd2 Nd6 10. e4 c6 11. exf5 Nxf5 12. dxc6 Nxc6 13. Ne4 Rc8 14. Bd2 d5 15.
cxd5 Ne5 16. Qd1 Bxd5 17. Nxe5 Bxe5 18. Bc3 Bxc3 19. Nxc3 Bxg2 20. Kxg2 Qxd1
21. Raxd1 Rfd8 22. Rfe1 Kf7 23. Kf3 Rxd1 24. Rxd1 Nd6 25. Rd4 h6 26. Rf4+ Kg7
27. Ra4 Rc7 28. Nd5 Rd7 29. Ne3 Nf5 30. Nxf5+ gxf5 31. Ke3 Rc7 32. Kd3 Kf6 33.
Rh4 Kg5 34. Kd2 1/2-1/2

[Event "Tradewise Gibraltar Master 2015"]
[Site "Gibraltar ENG"]
[Date "2015.02.02"]
[Round "7.17"]
[White "Debashis, Das"]
[Black "Edouard, Romain"]
[Result "1/2-1/2"]
[WhiteElo "2503"]
[BlackElo "2638"]
[PlyCount "55"]
[EventDate "2015.01.27"]
[EventType "swiss"]
[EventRounds "10"]
[EventCountry "ENG"]
[Source "lmi"]
[SourceDate "2015.01.27"]

1. d4 d5 2. c4 dxc4 3. Nf3 Nf6 4. Nc3 a6 5. e4 b5 6. e5 Nd5 7. a4 Bb7 8. e6
fxe6 9. Ng5 Nxc3 10. bxc3 Qd5 11. Qg4 Nd7 12. Nxe6 Rc8 13. axb5 axb5 14. Ra7 g6
15. Bf4 Qe4+ 16. Be2 Nf6 17. Qg5 Qxe6 18. Rxb7 c6 19. h4 Ra8 20. Be5 Ra1+ 21.
Bd1 Bg7 22. O-O O-O 23. Bf3 Rxf1+ 24. Kxf1 Rf7 25. Rb8+ Rf8 26. Rb7 Rf7 27.
Rb8+ Rf8 28. Rb7 1/2-1/2

[Event "Tradewise Gibraltar Master 2015"]
[Site "Gibraltar ENG"]
[Date "2015.02.02"]
[Round "7.18"]
[White "Sutovsky, Emil"]
[Black "Das, Arghyadip"]
[Result "1-0"]
[WhiteElo "2637"]
[BlackElo "2476"]
[PlyCount "65"]
[EventDate "2015.01.27"]
[EventType "swiss"]
[EventRounds "10"]
[EventCountry "ENG"]
[Source "lmi"]
[SourceDate "2015.01.27"]

1. e4 c5 2. Nf3 d6 3. d4 cxd4 4. Nxd4 Nf6 5. Nc3 a6 6. h3 e5 7. Nb3 Be6 8. f4
Nbd7 9. f5 Bxb3 10. axb3 d5 11. exd5 Bb4 12. Bd2 O-O 13. Qe2 Rc8 14. O-O-O Qa5
15. Kb1 Bxc3 16. bxc3 Qxd5 17. c4 Qc6 18. Qf3 Ne4 19. Bb4 Ndc5 20. Bd3 Qb6 21.
Bxe4 Qxb4 22. f6 Nxe4 23. Qxe4 gxf6 24. Rd7 b5 25. Qg4+ Kh8 26. Qf3 Rxc4 27.
Qxf6+ Kg8 28. Qg5+ Kh8 29. Qxe5+ Kg8 30. Qg5+ Kh8 31. Qf6+ Kg8 32. Rd5 Rfc8 33.
Rhd1 1-0

[Event "Tradewise Gibraltar Master 2015"]
[Site "Gibraltar ENG"]
[Date "2015.02.02"]
[Round "7.20"]
[White "Bologan, Viktor"]
[Black "Trent, Lawrence"]
[Result "1-0"]
[WhiteElo "2608"]
[BlackElo "2470"]
[PlyCount "65"]
[EventDate "2015.01.27"]
[EventType "swiss"]
[EventRounds "10"]
[EventCountry "ENG"]
[Source "lmi"]
[SourceDate "2015.01.27"]

1. Nf3 Nf6 2. c4 g6 3. b4 e6 4. a3 Bg7 5. Bb2 O-O 6. e3 b6 7. Be2 c5 8. O-O Nc6
9. d4 d6 10. b5 Na5 11. dxc5 dxc5 12. Nbd2 Bb7 13. Qc2 Qe7 14. Rad1 Nh5 15. Ne5
Bxe5 16. Bxe5 Qg5 17. Bg3 Nxg3 18. hxg3 Qe5 19. Bf3 Rfd8 20. Rfe1 Kf8 21. g4 h6
22. Bxb7 Nxb7 23. f4 Qg7 24. Nf3 Kg8 25. Qe4 Na5 26. Ne5 Qf6 27. Rd7 Rxd7 28.
Nxd7 Qd8 29. Rd1 Rc8 30. g5 hxg5 31. Qe5 Qe7 32. Nf6+ Kf8 33. Nd5 1-0

[Event "Tradewise Gibraltar Master 2015"]
[Site "Gibraltar ENG"]
[Date "2015.02.02"]
[Round "7.21"]
[White "Mareco, Sandro"]
[Black "Carlsson, Pontus"]
[Result "1-0"]
[WhiteElo "2583"]
[BlackElo "2465"]
[PlyCount "87"]
[EventDate "2015.01.27"]
[EventType "swiss"]
[EventRounds "10"]
[EventCountry "ENG"]
[Source "lmi"]
[SourceDate "2015.01.27"]

1. d4 Nf6 2. c4 e6 3. g3 d5 4. Nf3 dxc4 5. Bg2 a6 6. O-O Nc6 7. Bg5 Be7 8. e3
O-O 9. Nfd2 e5 10. Bxf6 Bxf6 11. d5 Na5 12. Qa4 c6 13. dxc6 b5 14. Qc2 Qb6 15.
b3 Be6 16. bxc4 bxc4 17. Nc3 Nxc6 18. Rab1 Qc7 19. Nd5 Bxd5 20. Bxd5 Rac8 21.
Rfc1 Na5 22. Nxc4 Nxc4 23. Bxc4 Qa7 24. Qf5 Rb8 25. Bd3 Rfd8 26. Qxh7+ Kf8 27.
Be4 Ke7 28. Qf5 Rxb1 29. Rxb1 Rb8 30. Rc1 Qd7 31. Qf3 Rc8 32. Rb1 Rc7 33. h4
Qa4 34. Bd5 Qc2 35. Rb6 Qd3 36. Kh2 Qf1 37. Qf5 Rd7 38. e4 Rc7 39. g4 Rc1 40.
Rb7+ Kd6 41. Qd7+ Kc5 42. Qc6+ Kd4 43. Rb4+ Kd3 44. Bc4+ 1-0